| 000 | 00545nam a22002057a 4500 | ||
|---|---|---|---|
| 003 | OSt | ||
| 005 | 20251215160204.0 | ||
| 008 | 210224b ||||| |||| 00| 0 eng d | ||
| 020 | _a9788131717400 | ||
| 082 |
_a518 _bG31A |
||
| 100 | _aGerald, Curtis F. | ||
| 245 |
_a Applied numerical analysis _cby Curtis F. Gerald and Patrick O. Wheatley |
||
| 250 | _a7th ed. | ||
| 260 |
_aNoida, U.P. _bPearson _c2008 |
||
| 300 | _ax, 609p. | ||
| 546 | _aEnglish | ||
| 650 | _aNumerical analysis | ||
| 700 | _a Wheatley, Patrick O. | ||
| 942 |
_2ddc _cBK |
||
| 999 |
_c24066 _d24066 |
||